Highest-Grossing Movie in Each Category (U.S.) - Statistics

General Stats
  • This quiz has been taken 476 times
    59 since last reset
  • The average score is 11 of 25
Answer Stats
Category Highest-Grossing Film in Category Year % Correct
Comic Book/Superhero Avengers: Endgame 2019
80%
Disaster Titanic 1997
76%
Holiday (Christmas) Home Alone 1990
70%
Animated (Traditional) The Lion King 1994
66%
Adjusted for Inflation Gone with the Wind 1939
64%
Spy Skyfall 2012
62%
Heist (Classic) Ocean's Eleven 2001
60%
Religious The Passion of the Christ 2004
54%
Biopic (Music) Bohemian Rhapsody 2018
52%
Rated R Deadpool & Wolverine 2024
52%
Science Fiction Star Wars: The Force Awakens 2015
52%
Based on Video Game The Super Mario Bros. Movie 2023
50%
Horror It 2017
42%
Zombie World War Z 2013
42%
Animation Inside Out 2 2024
34%
Western Dances With Wolves 1990
32%
Horror Comedy Ghostbusters 1984
32%
Animated (Stop Motion) Chicken Run 2000
26%
Documentary (Political) Fahrenheit 9/11 2004
26%
Mockumentary Borat 2006
24%
Animated (Worldwide) Ne Zha 2 2025
24%
Rated NC-17 Showgirls 1995
22%
Foreign Language Crouching Tiger, Hidden Dragon 2000
18%
Sports (Ball) The Blind Side 2009
16%
Romantic Comedy My Big Fat Greek Wedding 2002
12%
No matching quizzes found
Score Distribution
Percent of People with Each Score
Percentile by Number Answered
Your Score History
You have not taken this quiz since the last reset